| 000 | 01169nam2a2200337 4500 | ||
|---|---|---|---|
| 001 | RU\NLR\DIGIT\NP\000453 | ||
| 005 | 20250806203855.0 | ||
| 035 | _a(NLR Aleph) 010181290 | ||
| 090 |
_a17061 _c17061 |
||
| 100 | _a20250806 rusy50 | ||
| 101 | _arus | ||
| 102 | _aRU | ||
| 110 | _acya|||||||| | ||
| 135 | _acrcn 024apaba | ||
| 200 | 1 | _a1944, № 1 - 255 | |
| 210 | _d1944 | ||
| 325 | _aКопия доступна в Электрон. б-ке РНБ http://vivaldi.nlr.ru/ap000000040/view | ||
| 461 | 0 |
_1001RU\NLR\DIGIT\NP\000452 _1200##$aБатумский рабочий$v1944, № 1 - 255 |
|
| 801 |
_aRU _bElar |
||
| 852 |
_aNLR _jР10766 _xС2407 |
||
| 852 |
_aNLR _jР10766 _xС366840 |
||
| 852 |
_aNLR _jР10766 _xС366841 |
||
| 856 | 0 | _uhttp://vivaldi.nlr.ru/ap000000040/view | |
| 856 | 1 | _uhttp://vivaldi.nlr.ru/ap000000040/cover | |
| 856 | 2 | _uhttp://vivaldi.nlr.ru/ap000000040/text | |
| 942 | _cISSNP | ||
| 945 | _aРоссийская национальная библиотека | ||
| 980 | _aNB | ||
| 980 | _aBV | ||
| 981 | 2 | 7 |
_a(27) Периодические издания _b(27) Газеты |